[Event "12th Agzamov Memorial 2018"]
[Site "Tashkent"]
[Date "2018.04.27"]
[Round "5"]
[White "Papin, Vasily"]
[Black "Kotanjian, Tigran"]
[Result "1-0"]
[WhiteElo "2475"]
[BlackElo "2481"]
[Annotator "TA"]
[PlyCount "143"]
[EventDate "2018.??.??"]
[EventType "swiss"]
[EventCountry "UZB"]
[SourceTitle "playchess.com"]
[Source "ChessBase"]
[SourceQuality "1"]

{[%evp 14,143,10,11,11,10,22,15,22,23,44,32,39,31,50,35,63,56,76,29,106,101,89,92,122,39,38,41,53,28,29,28,10,2,4,13,16,20,19,22,25,17,30,28,43,15,29,20,56,43,37,66,93,95,75,75,70,70,80,60,60,57,63,84,73,0,66,51,51,43,93,59,109,98,137,137,137,137,137,137,137,120,130,118,130,130,128,123,123,123,123,123,123,108,108,108,108,109,111,108,124,106,135,116,116,116,118,110,116,115,153,127,127,124,125,126,1011,857,1388,1200,2056,1153,3877,1699,2319,2095,2169,1843,1627,1481,1210,990]} 1. c4 e6 2. Nf3 d5 3. e3 Nf6 4. Nc3 Be7 5. b3 O-O 6. Bb2 b6 7. cxd5 {A13: English Opening: 1...e6} Nxd5 8. Nxd5 {LiveBook: 3 Games} exd5 9. Be2 {The position is equal.} c5 10. d4 Be6 11. O-O Nd7 12. Rc1 $146 ({Predecessor:} 12. dxc5 bxc5 13. Qc2 Bf6 14. Rac1 Rc8 15. Rfd1 Qa5 16. Bxf6 Nxf6 17. Qb2 h6 18. Ra1 {½-½ (18) Alekseev,E (2616)-Grachev,B (2653) Serpukhov 2018}) 12... Rc8 13. h3 Rc7 14. Rc2 Qa8 15. dxc5 bxc5 16. Qa1 (16. Nd4 $5) 16... Bf6 (16... Nf6 $11) 17. Bxf6 $16 Nxf6 {[#]} 18. Rfc1 $1 Qc6 19. Qb2 ({Better is} 19. Rxc5 $16 Qxc5 20. Rxc5 Rxc5 21. Ba6) 19... Qb6 $14 20. Qa3 {[%cal Rc2c5]} Nd7 21. Qa4 (21. Nd4 $5) 21... Bf5 22. Rc3 Nf6 23. Nd2 Rfc8 24. Ba6 Rb8 25. Qf4 Be6 {Black wants to play ...d4.} 26. Bd3 {Black must now prevent Rxc5!} Rbc8 27. R3c2 Rd7 28. Nf3 $36 {[%mdl 2048] White has good play.} Rdd8 29. Qa4 h6 30. Qa3 {[%cal Rc2c5]} c4 31. bxc4 dxc4 32. Bf1 Rc5 33. Nd4 Rdc8 34. Nxe6 Qxe6 35. Qxa7 c3 36. Ba6 R8c7 37. Qb8+ Kh7 38. Bd3+ g6 39. Qb3 (39. Qb4 $16) 39... Qe5 (39... Qxb3 $1 $11 40. axb3 Nd5) 40. Qb4 Nd5 41. Qd4 Qe7 42. Be4 {[%cal Bd3e4,Be4f3,Bf3d1][%mdl 32]} Nb6 43. Bf3 {[%cal Rc2c3]} Qe6 44. Rxc3 Rxc3 45. Rxc3 Rxc3 46. Qxc3 {aiming for Qd4.} Qxa2 47. Qc7 Qe6 48. Bd1 Nd5 49. Qb7 Ne7 50. Qb2 Nf5 51. Qc3 Nd6 52. Bb3 Qe7 53. Bd5 Ne8 54. Qd4 Nf6 55. Bc4 Kg7 56. f3 Qd7 57. Kf2 g5 58. Qe5 Qd2+ 59. Be2 Kg6 60. Qd4 Qxd4 61. exd4 $16 {[%mdl 4096] Endgame KB-KN} Ne8 62. Ke3 Nd6 63. d5 Kf6 64. Kd4 h5 $2 {[%mdl 8192] [#]} (64... Nf5+ $16 65. Kc5 Ke7) 65. f4 $1 $18 {[%mdl 512] White is clearly winning.} Nf5+ (65... gxf4 66. Bxh5) 66. Kc5 gxf4 67. Bxh5 Ke7 68. Bg4 (68. Bf3 $142 Nh4 69. Kc6) 68... Nh4 69. Kc6 Kd8 70. Bf3 Nf5 71. Be4 Nd4+ 72. Kd6 {Precision: White = 51%, Black = 48%.} 1-0

[Event "12th Agzamov Memorial 2018"]
[Site "Tashkent"]
[Date "2018.04.27"]
[Round "5"]
[White "Sindarov, Javokhir"]
[Black "Vakhidov, Daler"]
[Result "1-0"]
[WhiteElo "2431"]
[BlackElo "2212"]
[Annotator "TA"]
[PlyCount "73"]
[EventDate "2018.??.??"]
[EventType "swiss"]
[EventCountry "UZB"]
[SourceTitle "playchess.com"]
[Source "ChessBase"]
[SourceQuality "1"]

{[%evp 13,73,2,51,5,28,27,30,0,8,5,0,0,20,-8,-8,-7,-7,-7,-8,-9,0,0,10,6,14,12,58,51,40,40,54,50,53,26,112,110,145,143,223,216,214,206,187,190,173,113,211,0,236,179,211,85,67,45,65,78,75,59,410,276,1031,1009]} 1. e4 c5 2. Nf3 Nc6 3. Nc3 {[%cal Bb1c3,Bc3e2,Be2d4,Bd4f3,Bf3e5][%mdl 32]} g6 4. Bb5 Nd4 5. Nxd4 cxd4 6. Ne2 Bg7 7. O-O a6 8. Bc4 {B31: Sicilian: 2...Nc6 3 Bb5 g6} e6 9. c3 b5 (9... dxc3 10. dxc3 Ne7 11. Qd6 b5 12. Bb3 Bb7 13. f3 Nc8 14. Qd3 Nb6 15. Be3 d5 {1-0 (51) Amonatov,F (2636)-Rakhmanov,A (2653) Riadh 2017}) 10. Bb3 {White has an edge.} Bb7 11. Nxd4 Bxe4 12. Re1 Bb7 13. Nf3 Nf6 14. d4 {[%cal Bd2d4,Bd4d5][%mdl 32]} O-O 15. Ne5 $146 ({Predecessor:} 15. Bf4 d6 16. h3 {½-½ (16) Kutuzovic,B (2339)-Zovko,M (2146) Croatia 2011}) 15... d6 16. Ng4 h5 17. Nxf6+ Qxf6 18. d5 {[%cal Rd5e6]} e5 19. a4 Rab8 20. Be3 Qd8 21. axb5 axb5 22. Qd3 Bc8 23. Ra7 b4 (23... f5 $11) 24. c4 $16 {[%cal Bc3c4,Bc4c5,Bc5c6][%mdl 32]} f5 25. c5 Rb7 (25... Qf6 $16 {was worth a try.} 26. cxd6 Rf7) 26. Rxb7 $18 Bxb7 27. c6 Bc8 28. Bd2 e4 29. Qg3 ({White should play} 29. Qc2 $18) 29... Kh7 (29... Qf6 $16) 30. Ra1 $2 {[#]} (30. Bg5 $18 Bf6 31. h4) 30... Rf7 $2 (30... Qf6 $1 $11 31. Bf4 Qxb2) 31. Bg5 $36 {[%mdl 2048] White is in control.} f4 32. Bxd8 (32. Bxf4 $18 {and the rest is easy. Black must now prevent Ra8.} Bd4 33. h4) 32... fxg3 $16 33. Bb6 $1 ({Weaker is} 33. fxg3 Bd4+ 34. Kh1 Rf2 $17) 33... gxf2+ 34. Bxf2 Bxb2 35. Ra8 Bc1 $2 {[%mdl 8192] [#]} (35... Rf8 $14) 36. Bd4 Rc7 $2 (36... Rf8 37. Ra7+ Kg8 38. Rg7+ Kh8) 37. Bb6 {Precision: White = 60%, Black = 32%.} 1-0

[Event "12th Agzamov Memorial 2018"]
[Site "Tashkent"]
[Date "2018.04.27"]
[Round "5"]
[White "Vokhidov, Shamsiddin"]
[Black "Sunnatov, Mirfayz"]
[Result "1-0"]
[WhiteElo "2414"]
[BlackElo "1708"]
[Annotator "TA"]
[PlyCount "39"]
[EventDate "2018.??.??"]
[EventType "swiss"]
[EventCountry "UZB"]
[SourceTitle "playchess.com"]
[Source "ChessBase"]
[SourceQuality "1"]

{[%evp 14,39,48,54,53,51,62,56,81,51,100,99,93,98,213,209,273,291,254,279,429,477,493,483,1757,1722,29989,29990]} 1. e4 c5 2. Nf3 e6 3. d4 cxd4 4. Nxd4 Nf6 5. Nc3 d6 6. g4 h6 7. Rg1 a6 8. h4 h5 {B81: Sicilian Scheveningen: Keres Attack} (8... d5 9. exd5 Nxd5 10. Nxd5 Qxd5 11. Be3 Be7 12. Qd2 Bxh4 13. Qc3 Nd7 14. O-O-O Qc5 15. Qb3 Qa5 16. Bg2 O-O 17. Rh1 Nc5 {1-0 (39) Harikrishna,P (2737)-Kempinski,R (2637) Germany 2016}) 9. gxh5 Nxh5 10. Bg5 Nf6 {White is slightly better.} 11. Bg2 $146 ({Predecessor:} 11. Qd2 Qb6 12. O-O-O Bd7 13. Be2 Nc6 14. Nb3 Qxf2 15. Be3 Qxh4 16. Bf3 {½-½ (51) Bonafede,A (2279)-Bruno,F (2445) Martina Franca 2007}) 11... Nbd7 {[#]} 12. Qe2 $1 Qc7 13. O-O-O Nh5 (13... Nb6 $16) 14. f4 $18 Nb6 {With the idea ...f6.} 15. Bf3 Nf6 16. e5 {[%cal Be4e5,Be5d6][%mdl 32]} Nh7 (16... dxe5 {is a better defense.} 17. fxe5 Nfd5) 17. exd6 Qc4 18. Nd5 Qc5 (18... Nxg5 $142 19. Nxb6 Qxe2 20. Bxe2 Nh3) 19. Nc7+ Kd7 20. Ndxe6 {Precision: White = 81%, Black = 20%.} 1-0

[Event "12th Agzamov Memorial 2018"]
[Site "Tashkent"]
[Date "2018.04.27"]
[Round "5"]
[White "Khoroshev, Nikita"]
[Black "Hamitevici, Vladimir"]
[Result "1/2-1/2"]
[WhiteElo "2340"]
[BlackElo "2508"]
[Annotator "TA"]
[PlyCount "58"]
[EventDate "2018.??.??"]
[EventType "swiss"]
[EventCountry "UZB"]
[SourceTitle "playchess.com"]
[Source "ChessBase"]
[SourceQuality "1"]

{[%evp 12,58,-13,-14,18,-35,-20,-27,-15,-19,16,16,13,-9,13,0,0,-14,0,0,0,0,2,0,0,-11,14,-20,-20,-20,-20,-18,0,0,0,0,0,0,0,0,0,0,0,0,0,0,0,0,0]} 1. d4 Nf6 2. Nc3 d5 3. Bg5 Nbd7 4. Qd3 h6 5. Bxf6 (5. Bh4 e6 6. e4 dxe4 7. Nxe4 Be7 8. Nxf6+ Bxf6 9. Bxf6 Qxf6 10. Nf3 O-O 11. Qe3 c5 12. O-O-O cxd4 13. Rxd4 {1-0 (52) Nakamura,H (2784)-Caruana,F (2774) Moscow 2013}) 5... Nxf6 6. e4 {D01: Veresov Opening} dxe4 7. Nxe4 {LiveBook: 6 Games} Qd5 8. Nxf6+ ({White should play} 8. Nc3 $11 Qd6 9. Nf3) 8... gxf6 $146 ({Predecessor:} 8... exf6 9. Qb5+ Qxb5 10. Bxb5+ c6 11. Bc4 Bb4+ 12. c3 Bd6 {½-½ (59) Xie,G (2340)-Song,R (2051) Brisbane 2005}) 9. Qb5+ Qxb5 10. Bxb5+ {The position is equal.} Bd7 (10... c6 {seems wilder.} 11. Bc4 Bf5 12. c3 e6 13. Ke2 Bd6) 11. Bxd7+ Kxd7 12. Ne2 c6 13. O-O-O e6 14. c4 Rg8 15. g3 Re8 16. Rd3 Bd6 17. Rf3 f5 18. Rd1 Ke7 19. d5 Rg4 20. b3 cxd5 21. cxd5 Rc8+ 22. Kb1 Rb4 23. dxe6 fxe6 24. Rfd3 Rb6 25. f4 Rc7 26. Nd4 Bc5 27. Nf3 Rd6 28. Rxd6 Bxd6 29. Kb2 Rd7 {Precision: White = 53%, Black = 63%.} 1/2-1/2

[Event "12th Agzamov Memorial 2018"]
[Site "Tashkent"]
[Date "2018.04.27"]
[Round "5"]
[White "Jumanov, Elbek"]
[Black "Sivuk, Vitaly"]
[Result "1/2-1/2"]
[WhiteElo "2283"]
[BlackElo "2525"]
[Annotator "TA"]
[PlyCount "159"]
[EventDate "2018.??.??"]
[EventType "swiss"]
[EventCountry "UZB"]
[SourceTitle "playchess.com"]
[Source "ChessBase"]
[SourceQuality "1"]

{[%evp 18,159,-12,-38,-11,-11,-4,-12,-9,-6,-19,-56,-65,-63,-68,-110,-116,-100,-99,-121,-125,-143,-87,-87,-93,-90,-87,-126,-110,-108,-134,-135,-123,-129,-110,-113,-120,-70,-52,-52,-59,-78,-82,-78,-21,-24,-22,-30,-24,-33,-20,-20,-20,-20,-20,-26,-27,-74,-74,-98,-91,-91,-91,-91,-91,-91,-91,-131,-131,-131,-131,-12843,-6585,-4865,-131,-131,-8,-8,-8,-8,-8,-8,-8,-8,-8,-8,0,0,0,0,0,-111,-4491,-29957,-12833,-5556,0,0,0,0,0,0,0,0,0,0,0,0,0,0,0,0,0,0,0,0,0,-8,-8,-8,-8,-8,-8,-8,-8,-8,-8,-8,-8,-8,0,-8,0,-8,-8,-8,0,0,0,0,0,-8,0,0]} 1. Nf3 Nf6 2. c4 g6 3. g3 b6 4. Bg2 Bb7 5. O-O c5 6. Nc3 Bg7 7. d3 d5 {A30: Symmetrical English: Double Fianchetto and Hedgehog} (7... Nc6 8. e4 O-O 9. h3 d6 10. Be3 Rc8 11. b3 e5 12. Qd2 Nh5 13. Rab1 Kh8 14. Bh6 f5 15. Bxg7+ Nxg7 16. Qh6 Qd7 17. Nh4 Ne7 18. f4 fxe4 19. dxe4 {1-0 (41) Bacrot,E (2730)-Zhao,X (2579) Cap d'Agde 2013}) 8. cxd5 Nxd5 9. Bd2 O-O 10. Nxd5 {LiveBook: 6 Games} Qxd5 11. Bc3 e5 12. a3 $146 ({Predecessor:} 12. Qa4 Qd6 13. b4 Nd7 14. Nd2 Bxg2 15. Kxg2 {1-0 (33) Vicente,J (2042)-Bortnyk,O (2361) Maribor 2012}) 12... Rc8 13. Rc1 a5 14. b4 cxb4 15. axb4 a4 16. Ba1 {And now Rxc8+ would win.} Rxc1 17. Qxc1 Na6 18. Qg5 Re8 19. Rc1 e4 (19... Qd6 $142 $1 20. d4 Qxb4 21. dxe5 Nc5) 20. Qxd5 $17 Bxd5 21. dxe4 Bxe4 22. b5 Nc5 23. Bxg7 Kxg7 24. Nd4 Nb3 25. Nxb3 axb3 26. Bxe4 Rxe4 {[%mdl 4096] Endgame KR-KR} 27. Kf1 Rb4 28. Ke1 $1 Rxb5 29. Kd2 Kf6 30. Rb1 Kf5 (30... Ke5 $17 {Hoping for ...Kd4.} 31. Kc3 Kd5) 31. f3 $1 $11 Ke5 32. Kc3 Kd5 33. Rd1+ $1 Kc5 34. Kb2 $1 Kc4 {...Ra5 is the strong threat.} 35. Rd3 f5 36. Rc3+ Kb4 37. Rd3 Ka4 38. Rd7 Re5 39. Rd4+ Kb5 40. e4 fxe4 41. fxe4 Kc5 42. Rd7 Rxe4 43. Rxh7 Kb4 44. Rg7 $2 {[%mdl 8192]} (44. h4 $17) 44... Re2+ $19 45. Kb1 Re6 $2 (45... Rxh2 $19 {and Black stays clearly on top.} 46. Rb7 b5) 46. h4 $17 {[%cal Bh2h4,Bh4h5,Bh5h6][%mdl 32]} b5 ({Better is} 46... Re1+ $17 47. Kb2 Re2+ 48. Ka1 Rg2) 47. g4 $11 Re1+ 48. Kb2 Re2+ 49. Kb1 b2 50. Rf7 $1 Re4 51. h5 g5 52. h6 Rxg4 53. h7 Rh4 54. Rf5 (54. Kxb2 $11 {keeps the balance.} Rh2+ 55. Kc1) 54... g4 $2 {[%mdl 8192]} (54... Rxh7 $17 55. Rxg5 Rh2) 55. Rg5 {[#]} Ka3 $1 56. Rxb5 {[#]} Rxh7 $2 (56... Rh1+ $1 $19 57. Kc2 Rxh7 58. Rb3+ Ka4) 57. Rb3+ $1 {The position is equal.} Ka4 {( -> ...Rh1+)} 58. Rg3 Rh4 (58... Rh3 {is interesting.} 59. Rxg4+ Ka3 60. Rg1 Re3 61. Rd1 Re2) 59. Kxb2 Kb4 60. Kc2 Kc4 61. Kd2 $1 Kd4 62. Ke2 Ke4 63. Kf2 Kf4 {Threatens to win with ...Rh2+.} 64. Kg2 Rh8 65. Ra3 Rd8 66. Ra4+ Kg5 {White should prevent ...Rd2+.} 67. Ra5+ Kh4 68. Ra3 Rd2+ 69. Kg1 $1 Re2 70. Rb3 Kg5 71. Kf1 Rd2 72. Kg1 Rd4 73. Kg2 Kf4 74. Ra3 Re4 75. Rb3 Re2+ 76. Kg1 (76. Kf1 $5 {[%cal Rf1e2]} Rc2 77. Kg1 $11) 76... Rd2 77. Rb4+ Kg3 {[%cal Rd2d1]} 78. Rb3+ Kh4 79. Ra3 g3 {next ...Kh3 is good for Black.} 80. Ra8 {Precision: White = 66%, Black = 67%.} 1/2-1/2

[Event "12th Agzamov Memorial 2018"]
[Site "Tashkent"]
[Date "2018.04.27"]
[Round "5"]
[White "Kurbonboeva, Sarvinoz"]
[Black "Khusenkhojaev, Muhammad"]
[Result "0-1"]
[WhiteElo "2219"]
[BlackElo "2456"]
[Annotator "TA"]
[PlyCount "113"]
[EventDate "2018.??.??"]
[EventType "swiss"]
[EventCountry "UZB"]
[SourceTitle "playchess.com"]
[Source "ChessBase"]
[SourceQuality "1"]

{[%evp 18,113,36,2,4,7,16,0,-7,-16,-14,-41,-24,-24,-29,-27,-20,-26,-18,-18,-4,-6,-6,-6,9,-35,-16,-16,-25,-53,-34,-38,-36,-47,-28,-32,-46,-67,-61,-210,-169,-206,-212,-205,-182,-204,-208,-200,-207,-209,-207,-200,-206,-199,-204,-201,-178,-214,-202,-222,-139,-135,-77,-695,-700,-712,-698,-701,-685,-691,-663,-639,-556,-605,-585,-12837,-12837,-12839,-12839,-12846,-12847,-12847,-12847,-12848,-12848,-12849,-12849,-12850,-12850,-12850,-12851,-12851,-12851,-12851,-12851,-12851,-29973,-12851]} 1. d4 Nf6 2. c4 g6 3. Nc3 d5 4. cxd5 Nxd5 5. Bd2 Nb6 6. e3 {D85: Exchange Grünfeld: Unusual White 7th moves and lines with 7 Nf3} Bg7 7. f4 O-O 8. Nf3 c5 9. dxc5 N6d7 10. Ne4 {LiveBook: 10 Games} Bxb2 11. Rb1 Bg7 12. Qc2 Qc7 $146 ({Predecessor:} 12... Nf6 13. Bd3 Nc6 {½-½ (41) Parligras,M (2574)-Radjabov,T (2724) Tromsoe 2014}) 13. Bd3 b6 14. Rc1 (14. O-O {looks sharper.} Na6 15. Rfc1 Ndxc5 16. Bxa6 Bxa6 17. Nxc5 bxc5 18. Qxc5 Qxc5 19. Rxc5 Rfc8 20. Ra5) 14... Ba6 15. Bxa6 Nxa6 16. cxb6 Qxc2 17. Rxc2 axb6 18. Ke2 h6 19. Nd4 e5 20. Nb5 Rfd8 21. g4 Nac5 22. Nxc5 Nxc5 23. fxe5 Bxe5 24. Bc3 Re8 $36 {[%mdl 2048] Black is pushing.} 25. Kf3 Ra4 26. Bxe5 Rxe5 27. Nd6 Re6 28. Nc4 (28. Nb5 $1 $15) 28... Nd3 29. Ke2 Nb4 30. Rb2 Nxa2 31. Nxb6 Rxg4 32. Kf3 {[#]} Rg5 $1 {Hoping for ...Rf6+.} 33. Rxa2 {aiming for Nc4.} Rf6+ 34. Ke4 Rg4+ 35. Kd3 Rd6+ 36. Kc3 {And now Ra4 would win.} Rxb6 $19 {[%mdl 4096] Endgame KRR-KRR} 37. Rha1 Rb7 38. Ra4 Rc7+ 39. Kd3 Rd7+ ({Black should try} 39... Rg5 40. Ra5 Rd7+ 41. Kc3 Rxa5 42. Rxa5 f5) 40. Kc3 $2 {[%mdl 8192]} (40. Rd4 $17 Rgxd4+ 41. exd4) 40... Rxa4 41. Rxa4 {KR-KR} Kg7 42. Ra6 g5 43. e4 Rd1 44. Ra2 h5 45. Rf2 f6 46. e5 fxe5 47. Rf5 Kg6 48. Rxe5 g4 49. Ra5 Rh1 50. Ra2 Kg5 51. Kd3 Kh4 52. Ke4 Kh3 53. Kf4 Rxh2 54. Ra3+ Kh4 55. Ra5 Rf2+ 56. Ke3 Rf8 {[#]} (56... g3 $19 57. Ra1 Kh3 58. Rh1+ Kg4) 57. Ra1 {Precision: White = 33%, Black = 69%.} 0-1

[Event "12th Agzamov Memorial 2018"]
[Site "Tashkent"]
[Date "2018.04.27"]
[Round "5"]
[White "Khusenkhojaev, Mustafokhuja"]
[Black "Dzhumaev, Marat"]
[Result "0-1"]
[WhiteElo "2218"]
[BlackElo "2451"]
[Annotator "TA"]
[PlyCount "74"]
[EventDate "2018.??.??"]
[EventType "swiss"]
[EventCountry "UZB"]
[SourceTitle "playchess.com"]
[Source "ChessBase"]
[SourceQuality "1"]

{[%evp 25,74,65,56,57,69,76,165,171,195,58,68,63,86,36,231,231,231,226,247,241,349,176,243,0,0,0,0,0,0,0,0,0,0,0,25,0,0,0,0,-50,-31,-51,-29,-364,-357,-795,-787,-732,-761,-805,-786]} 1. d4 d5 2. Nf3 c6 3. c4 dxc4 4. e3 b5 5. a4 e6 6. axb5 cxb5 7. b3 Bb4+ 8. Bd2 Bxd2+ 9. Nbxd2 a5 10. bxc4 b4 11. Bd3 Nf6 12. O-O O-O 13. Qc2 Bb7 {[#] LiveBook: 3 Games} 14. Rfc1 $146 {D11: Slav Defence: 3 Nf3 sidelines and 3...Nf6 4 e3 Bg4} ({Predecessor:} 14. e4 h6 15. e5 Nfd7 16. Bh7+ Kh8 17. Be4 Bxe4 18. Nxe4 Nb6 19. Nd6 a4 20. c5 b3 21. Qb2 Nd5 {0-1 (32) Rozum,I (2505)-Najer,E (2633) Yerevan 2014}) 14... Nbd7 15. e4 $1 {[%cal Re4e5]} e5 (15... Nh5 $16) 16. c5 $18 {[%cal Bc4c5,Bc5c6][%mdl 32] White is clearly better.} (16. Nxe5 Nxe5 17. dxe5 Nd7 $15) (16. dxe5 Ng4 $11) 16... Rc8 {[#]} 17. Nb3 (17. Nxe5 Nxe5 18. dxe5 Nd7 $11) (17. Bb5 $1 $18) 17... exd4 $14 18. Rxa5 Re8 $1 {[%cal Rf6e4]} 19. Nfxd4 Nxe4 $2 (19... Bxe4 $14 20. c6 Bxd3 21. Qxd3 Nb6) 20. c6 $18 Ndf6 21. Ra7 Ba8 {intending ...Nc3.} 22. Qc4 (22. Bxe4 $6 Rxe4 23. Qc4 Qd5 $16) 22... Qd5 (22... Nd6 {was worth a try.} 23. Qxb4 Ng4) 23. Qxb4 (23. f3 $142 Nd6 24. Qxb4) 23... Qg5 (23... Nxf2 $142 24. Bc4 (24. Kxf2 Ng4+ 25. Kg1 Qe5 $17) 24... Qg5) 24. Qc4 $2 ({Better is} 24. Ra2 $18) 24... Nxf2 $1 $11 25. Qxf7+ (25. Kxf2 Ng4+ 26. Kf1 Ne3+ 27. Ke1 Nxc4+ 28. Be2 Ne5 29. Kf1 Bxc6 30. g3 Qh6 31. Nxc6 Nxc6 32. Ra2 Qxh2 33. Rac2 Re3 34. Bg4 {[#]} Qxg3 $1 {[%mdl 512]} 35. Rg2 Qf4+ 36. Kg1 Rxb3 37. Rf1 Qe3+ 38. Kh1 Rd8 39. Re2 Qg5 40. Bf5 Nd4 41. Rg2 Qh6+ 42. Rh2 Qc6+ 43. Rg2 Nxf5 44. Kg1 Qb6+ 45. Kh1 Ng3+ 46. Rxg3 Rxg3 47. Kh2 Rdd3 48. Kh1 Qh6#) 25... Kh8 26. Nf3 (26. Kxf2 $2 Ng4+ 27. Kg1 Qe3+ 28. Kh1 Nf2+ 29. Qxf2 (29. Kg1 {gets mated.} Nxd3+ 30. Qf2 Qxf2+ 31. Kh1 Re1+ 32. Rxe1 Qxe1#) 29... Qxf2 $19) 26... Nh3+ $1 27. Kf1 Ng4 $1 $40 {[%cal Bf6g4,Bg4e3,Be3d5][%mdl 160] And now ...Ne3+ would win. Black is up to no good.} 28. gxh3 Ne3+ 29. Ke1 Qg2 {( -> ...Nc2+)} 30. Re7 Rxe7 31. Qxe7 Qxf3 32. Kd2 {Hoping for c7.} Qf2+ {[%mdl 1024] Black has compensation.} 33. Be2 {Black must now prevent c7.} Nd5 34. Qe6 $2 {[%mdl 8192]} (34. Qe5 $11 Qb6 35. Rc5 (35. Qxd5 Rd8 $11) 35... Bxc6 36. Bb5) 34... Rd8 $19 {aiming for ...Nf4+.} 35. Qd7 $2 (35. Kc2 Bxc6 36. Kb1) 35... Qe3+ {Black is clearly winning.} 36. Ke1 Re8 {[%csl Ge8][%cal Re3e2]} ({Not} 36... Rxd7 37. cxd7 Qg1+ 38. Bf1 $11) 37. Rc2 Nb4 {Precision: White = 29%, Black = 59%.} 0-1

[Event "12th Agzamov Memorial 2018"]
[Site "Tashkent"]
[Date "2018.04.28"]
[Round "6"]
[White "Sivuk, Vitaly"]
[Black "Khoroshev, Nikita"]
[Result "1-0"]
[WhiteElo "2525"]
[BlackElo "2340"]
[Annotator "TA"]
[PlyCount "81"]
[EventDate "2018.??.??"]
[EventType "swiss"]
[EventCountry "UZB"]
[SourceTitle "playchess.com"]
[Source "ChessBase"]
[SourceQuality "1"]

{[%evp 9,81,44,80,71,77,77,87,81,87,81,87,87,71,81,81,88,87,83,181,131,131,129,137,129,223,224,232,102,99,105,95,88,105,106,104,100,106,114,125,70,77,47,122,78,148,100,72,89,206,200,395,202,229,222,240,258,245,218,224,122,106,31,130,0,0,0,138,95,575,561,789,788,853,759]} 1. e4 e6 2. d4 d5 3. Nc3 Nc6 4. e5 f6 5. Bb5 fxe5 (5... Qd7 6. Nf3 a6 7. Bd3 fxe5 8. dxe5 Nh6 9. O-O g6 10. Bf4 Bg7 11. Qd2 Nf7 12. Rfe1 b6 13. a3 {½-½ (47) Najer,E (2707)-Rapport,R (2675) Tbilisi 2017}) 6. Qh5+ {C10: French with 3 Nc3: Unusual Black 3rd moves and 3...dxe4} g6 7. Qxe5 Nf6 8. Nf3 {White is better.} Bd6 9. Qe2 O-O 10. Bh6 Rf7 11. O-O-O Ng4 $146 ({Predecessor:} 11... Nh5 12. Kb1 Qf6 13. Bg5 {1-0 (82) Quesada Perez,Y (2420)-Sequera Paolini,J (2392) Santa Clara 2003}) 12. Bg5 $36 {[%mdl 2048] White is really pushing.} Qf8 13. h3 Nh6 (13... Nf6 $16 {was necessary.}) 14. Kb1 a6 15. Bxc6 bxc6 16. Ne5 Rf5 (16... Bxe5 $16 {was called for.} 17. dxe5 (17. Qxe5 Nf5 $14) 17... Bd7) 17. f4 $1 $18 {[%cal Bf2f4,Bf4e5][%mdl 32]} Bxe5 18. Bxh6 (18. dxe5 $18 {and the rest is easy. Strongly threatening Ne4!} Rb8 19. b3) 18... Qxh6 $16 19. fxe5 c5 20. dxc5 {[%cal Bd4c5,Bc5c6][%mdl 32]} Bb7 21. Rhf1 Raf8 22. Rxf5 Rxf5 23. c6 Bc8 24. g4 (24. Rf1 $16) 24... Rf7 $14 25. Rd3 Qf8 (25... a5 $14) 26. Qe3 a5 (26... Rf1+ $142 27. Rd1 Qf3) 27. a3 Ba6 28. Rd1 Qa8 (28... Rf1 $16) 29. Qc5 $18 Bf1 $2 {[#]} (29... a4 30. h4 (30. Nxa4 Bf1 $16) 30... Qe8) 30. h4 (30. Nxd5 $142 $1 {[%mdl 512]} exd5 31. e6 (31. Qxd5 Be2 $14)) 30... Bh3 31. Rd4 Qa6 32. Ka2 Qf1 33. Qxa5 Qf2 34. Qa4 (34. Rb4 $18) 34... Bf1 $16 35. Rd1 (35. h5 $16) 35... Rf4 (35... Bc4+ $14 36. Kb1 Qxh4) 36. Qa8+ (36. Qa5 $16 Rf7 37. Kb1) 36... Rf8 $11 37. Qa4 (37. Qb7 $11 d4 38. Nb1 (38. Ne4 $2 Bc4+ 39. Kb1 Qe2 $19) 38... Bc4+ 39. Ka1) 37... Rf4 $16 38. Qa5 Qxc2 $2 {[%mdl 8192]} (38... d4 $16) 39. Qxc7 $18 {[#] Threatens to win with Qc8+.White is clearly winning.} Bc4+ 40. Ka1 Rf3 41. Qd8+ {Precision: White = 46%, Black = 37%.} 1-0

[Event "12th Agzamov Memorial 2018"]
[Site "Tashkent"]
[Date "2018.04.28"]
[Round "6"]
[White "Sivuk, Vitaly"]
[Black "Khoroshev, Nikita"]
[Result "*"]
[WhiteElo "2525"]
[BlackElo "2340"]
[Annotator "TA"]
[PlyCount "25"]
[EventDate "2018.??.??"]
[EventType "swiss"]
[EventCountry "UZB"]
[SourceTitle "playchess.com"]
[Source "ChessBase"]
[SourceQuality "1"]

{[%evp 9,15,51,86,79,88,77,69,77]} 1. e4 e6 2. d4 d5 3. Nc3 Nc6 4. e5 f6 5. Bb5 fxe5 {[#]} (5... Qd7 6. Nf3 a6 7. Bd3 fxe5 8. dxe5 Nh6 9. O-O g6 10. Bf4 Bg7 11. Qd2 Nf7 12. Rfe1 b6 13. a3 {½-½ (47) Najer,E (2707)-Rapport,R (2675) Tbilisi 2017}) 6. Qh5+ $1 {C10: French with 3 Nc3: Unusual Black 3rd moves and 3...dxe4} g6 7. Qxe5 Nf6 8. Nf3 {Predecessor:} Bd6 $146 9. Qe2 O-O 10. Bh6 Rf7 11. O-O-O Nh5 12. Kb1 Qf6 13. Bg5 {1-0 (82) Quesada Perez,Y (2420)-Sequera Paolini,J (2392) Santa Clara 2003} *